Julián García Núñez : caminos de ida y vuelta : un español en Argentina, un "indiano en España

Detalles Bibliográficos
Otros Autores: Gutiérrez, Ramón, Alonso Pereira, José Ramón 1953-, Álvarez Prozorovich, Fernando
Formato: Libro
Lenguaje:Espa�ol
Publicado: [Buenos Aires] : CEDODAL, [2005].
Materias:
Etiquetas: Agregar Etiqueta
Sin Etiquetas, Sea el primero en etiquetar este registro!

MARC

LEADER 00000nam a22000004a 4500
001 AR-BbUGT5363
003 AR-BbUGT
005 20221116091412.0
007 ta
008 170425t2005 ag abe |0|||0|spa d
020 |a 9871033117 
040 |a AR-BbUGT  |b spa  |c AR-BbUGT 
082 0 4 |a 927.20 
245 0 0 |a Julián García Núñez :   |b caminos de ida y vuelta : un español en Argentina, un "indiano en España  |c [directores de investigación, Ramón Gutiérrez, José Ramón Alonso Pereira, Fernando Alvarez]. 
260 |a [Buenos Aires] :   |b CEDODAL,   |c [2005]. 
300 |a 166 p. :   |b il. (algunas col.), mapas, planos ;   |c 30 cm. 
504 |a Incluye referencias bibliográficas (p. 165-166). 
505 0 0 |t Presentación /   |r Alfredo Moreno Cebrián 
505 0 0 |t El fenómeno indiano en Asturias y en Galicia /   |r José Ramón Alonso Pereira 
505 0 0 |t Julián García Núñez en el paisaje de la Barcelona de fin de siglo XIX /   |r Fernando Álvarez 
505 0 0 |t La arquitectura indiana de García Núñez a una y otra orilla del Eo /   |r José Ramón Alonso Pereira 
505 0 0 |t Modernistas y modernismo en la arquitectura rioplatense /   |r Ramón Gutiérrez 
505 0 0 |t Modernismo en el Paraguay /   |r Ramón Gutiérrez 
505 0 0 |t Un Modernista en Chile. José Forteza Ubach /   |r Patricio Pinto 
505 0 0 |t Entrevista con Julián Bosch, nieto de Julián García Núñez /   |r Graciela Fasulo 
505 0 0 |t Evocación libre sobre mi abuelo /   |r Julián Bosch García 
505 0 0 |t Casa Propia /   |r Graciela M. Viñuales 
505 0 0 |t El pabellón español en la Exposición del Centenario. Buenos Aires 1910 /   |r Ramón Gutiérrez 
505 0 0 |t Acerca del origen del Pabellón Español del Centenario /   |r Rodrigo Gutiérrez Viñuales 
505 0 0 |t El Monumento de los Españoles en Buenos Aires ( 1908-1927) /   |r Rodrigo Gutiérrez Viñuales 
505 0 0 |t El Hospital Español y su Anexo /   |r Graciela M. Viñuales 
505 0 0 |t Casas de renta en Buenos Aires /   |r Graciela Fasulo 
505 0 0 |t Una obra particular: las oficinas de Chacabuco 78 /   |r Alfonso Piantini 
505 0 0 |t Julián García Núñez y las instituciones españolas de Buenos Aires /   |r Florencia Barcina 
505 0 0 |t La armonía de un cine modernista /   |r Patricia Méndez 
505 0 0 |t Villa Pasturo, Mar del Plata /   |r Graciela Viñuales 
505 0 0 |t Julián García Núñez y la sede del Casal de Catalunya /   |r Julio Cacciatore 
505 0 0 |t Tienda San Miguel /   |r Graciela Viñuales 
505 0 0 |t Bóvedas en Cementerio de la Recoleta /   |r Graciela Fasulo 
505 0 0 |t Su última obra: Asilo y Capilla de Ancianos Desamparados /   |r Graciela Fasulo 
505 0 0 |t A un lado y otro del Atlántico: proyectos y obras de Julián García Núñez /   |r Patricia Méndez 
505 0 0 |t Aproximaciones para una Bibliografía del Modernismo, los indianos y de Julián García Núñez /   |r Patricia Méndez y Florencia Barcina 
600 1 0 |9 160  |a García Núñez, Julián,  |d 1875-1944 
651 4 |a Argentina  |9 254 
651 4 |a España  |9 273 
653 |a Arquitectos  
653 |a Arquitectura indiana 
653 |a Arquitectura moderna 
653 |a Art nouveau 
653 |a Movimiento moderno 
700 1 |a Gutiérrez, Ramón  |9 154 
700 1 |a Alonso Pereira, José Ramón  |9 72  |d 1953- 
700 1 |a Álvarez Prozorovich, Fernando.  |9 88 
942 |c BK  |h 927.20  |i G216  |m A  |2 ddc  |6 927_200000000000000_G216 
999 |c 12535  |d 12535